000 00497nam a2200181Ia 4500
005 20250423095342.0
008 250422s9999 xx 000 0 und d
020 _a9781138586710
050 _aPN 1995.7 .C43/
100 _aChattah, Juan
245 0 _aFilm music
260 _aNew York
260 _bRoutledge
260 _c2024
300 _aviii, 252p. ill.
650 _a Motion picture music--Analysis, appreciation. Motion picture music--Psychological aspects.
942 _cBK
999 _c30015
_d30015